| 000 | 00462nam a2200181Ia 4500 | ||
|---|---|---|---|
| 003 | GCL | ||
| 008 | 140319s9999 xx 000 0 eng d | ||
| 040 |
_aGCL / _cGCL |
||
| 082 | 0 | 4 |
_a398.2 _bG M |
| 100 | 1 | _aGUIRAND,FELIX | |
| 245 | 1 | 0 |
_aMYTHOLOGIE GENERALE / _cGUIRAND,FELIX |
| 250 | _a1 | ||
| 260 |
_aفرنسا : _bLIBRAIRIE LAROUSSE |
||
| 300 |
_a448 P.: _bILL, ؛ _c35 cm. |
||
| 650 | 0 | 4 | _aMYTHOLOGY - ENCYCLOPEDIA |
| 650 | 0 | 4 | _aMYTHOLOGY |
| 942 |
_2ddc _cBK |
||
| 999 |
_c4918 _d4918 |
||